Giải tích Giáo trình lý thuyết và bài tập có hướng dẫn Tập 1

Tập hợp hàm số thực. Đạo hàm. Tích phân...

Spremljeno u:
Bibliografski detalji
Glavni autor: Nguyễn Xuân Liêm (Tác giả)
Format: Knjiga
Jezik:Vietnamese
Izdano: H. Giáo dục 2007
Izdanje:Tái bản lần thứ 4
Serija:sách Đại học sư phạm
Teme:
Oznake: Dodaj oznaku
Bez oznaka, Budi prvi tko označuje ovaj zapis!
Thư viện lưu trữ: Mạng thư viện Đại học Đà Nẵng
LEADER 01046nam a2200361 4500
001 000013061
003 9394
005 20120307100330.0
008 120307s2007 viesd
020 |c 31000đ 
041 0 |a vie 
082 |a 515  |b NG-L 
100 0 |a Nguyễn Xuân Liêm  |e Tác giả 
245 1 0 |a Giải tích  |b Giáo trình lý thuyết và bài tập có hướng dẫn  |c Nguyễn Xuân Liêm  |n Tập 1 
250 |a Tái bản lần thứ 4 
260 |a H.  |b Giáo dục  |c 2007 
300 |a 467tr  |c 21cm 
490 |a sách Đại học sư phạm 
520 |a Tập hợp hàm số thực. Đạo hàm. Tích phân... 
653 |a Giáo trình 
653 |a giải tích 
653 |a lý thuyết 
653 |a bài tập 
773 |t Giải tích  |w 4390 
910 |a Thương  |d 14/10/2011 
OWN |a LSP 
999 |a From the UDN01 
TYP |a Monograph 
TYP |a Printed language 
980 |a Mạng thư viện Đại học Đà Nẵng